00289nam a2200109Ia 4500008004100000100002100041245004000062260000900102300003100111440002400142650001300166180117s9999 xx 000 0 und d aby Ariel S Tabag aWriting in Ilokano for the Ilokanos c2017 a12-14 pages, 2017 April 16 aPhilippine Panorama aILOKANOS